| 000 | 006270000a22001810004500 | ||
|---|---|---|---|
| 003 | MACL | ||
| 005 | 20160505124635.0 | ||
| 008 | 160505b xxu||||| |||| 00| 0 eng d | ||
| 040 |
_aMACL _cMACL |
||
| 041 | _aHindi | ||
| 082 | _a800 SHR | ||
| 100 |
_aश्रीकण्ठयया ती. न _955284 |
||
| 245 |
_aभारतीय काव्य मीमांसा _cती. नं. श्रीकाण्ठयया |
||
| 260 |
_bशब्दकार प्रकाशन _c1992 _aनई दिल्ली |
||
| 350 | _a200 | ||
| 650 |
_aLiterature _955285 |
||
| 942 |
_cHIN _k800/SHR/L _2ddc |
||
| 999 |
_c20661 _d20661 |
||